000 00680nam a2200253Ia 4500
003 OSt
005 20221006145015.0
006 a|||||r|||| 00| 0
007 ta
008 221006b |||||||| |||| 00| 0 eng d
024 _a13,484
037 _cTextual
040 _aEASL
_cEASL
_beng
041 _2eng
_aeng
082 _aV4461,8.N6, K7
100 _aROSE Leo E
245 0 _aNorth East frontier agency on India
260 _aBerkeley
_bUniversity of California
_c1967
300 _a95p.
_ccm.
490 _v Oth
700 _a Fisher Margaret W
942 _hV4461,8.N6, K7
_cTEXL
_2CC
999 _c1081570
_d1081570